Twilight Characters (Sudden Death) - Statistics

General Stats
  • This quiz has been taken 448 times
  • The average score is 13 of 18
Answers on the Grid
Answers color-coded by a green-red scale on the quiz's grid according to % correct below.
Bella
Caius
Genevieve
Rosalie
Sabrina
Alice
Irina
Edward
Umbra
Charlie
Volturi
Olivia
Siobhan
Carlisle
Bruno
Jasper
Jacob
Ambrose
Elowyn
Jane
Caroline
Amun
Draven
Billy
Santiago
Renee
Aro
Freyr
Horace
Jessica
 
Answer Stats
Answer % Correct
Bella
90%
Edward
90%
Jacob
87%
Rosalie
86%
Jasper
85%
Alice
84%
Carlisle
83%
Charlie
82%
Renee
77%
Aro
71%
Jessica
67%
Billy
65%
Jane
65%
Irina
64%
Caius
61%
Amun
42%
Siobhan
34%
Santiago
19%
No matching quizzes found
Score Distribution
Percent of People with Each Score
Percentile by Number Answered
Your Score History
You have not taken this quiz